Land vs. Land #58 - Statistiken

Allgemein
  • Dieses Quiz wurde 17 mal gespielt
  • Das Durchschnittsergebnis liegt bei 5 aus 14
Antwortstatistiken
Frage Antwort % Korrekt
...Bruttoinlandsprodukt pro Kopf? Guinea🇬🇳
87%
...Fläche? Guinea🇬🇳
73%
...Bruttoinlandsprodukt? Guinea🇬🇳
73%
...Happy Planet Index? Malawi🇲🇼
40%
...Frieden? Malawi🇲🇼
40%
...Militär? Malawi🇲🇼
33%
...Tourismus? Malawi🇲🇼
27%
...Lebenserwartung? Malawi🇲🇼
27%
...Einwohner? Malawi🇲🇼
20%
...Gesundheitswesen? Malawi🇲🇼
20%
...HDI (Human Development Index)? Malawi🇲🇼
13%
...Gewinner? Malawi🇲🇼
13%
...durchschnittlicher IQ? Malawi🇲🇼
7%
...Exportmengen? Malawi🇲🇼
0%
Keine übereinstimmenden Quizze gefunden
Verteilung der Resultate
Anzahl Personen mit jedem Resultat
Perzentil nach korrekt beantworteten Fragen
Ihre Resultats-Entwicklung
Sie haben dieses Quiz noch nicht gespielt